Программный комплекс для исследования и синтеза интервальных систем автоматического управления; Современные техника и технологии; Т. 2

Bibliographic Details
Parent link:Современные техника и технологии: сборник трудов XIX международной научно-практической конференции студентов, аспирантов и молодых ученых, Томск, 15-19 апреля 2013 г./ Национальный исследовательский Томский политехнический университет (ТПУ).— , 2013
Т. 2.— 2013.— [С. 250-251]
Main Author: Езангина Т. А. Татьяна Александровна
Corporate Author: Национальный исследовательский Томский политехнический университет (ТПУ) Институт кибернетики (ИК) Кафедра автоматики и компьютерных систем (АИКС)
Other Authors: Гайворонский С. А. Сергей Анатольевич (научный руководитель)
Summary:Заглавие с титульного экрана
Language:Russian
Published: 2013
Series:Информатика и управление в технических системах
Subjects:
Online Access:http://www.lib.tpu.ru/fulltext/c/2013/C01/V2/123.pdf
Format: Electronic Book Chapter
KOHA link:https://koha.lib.tpu.ru/cgi-bin/koha/opac-detail.pl?biblionumber=243489

MARC

LEADER 00000naa2a2200000 4500
001 243489
005 20251218110040.0
035 |a (RuTPU)RU\TPU\book\264833 
035 |a RU\TPU\book\264828 
090 |a 243489 
100 |a 20130930d2013 k y0rusy50 ca 
101 0 |a rus 
102 |a RU 
135 |a drnn ---uucaa 
181 0 |a i  
182 0 |a b 
200 1 |a Программный комплекс для исследования и синтеза интервальных систем автоматического управления  |f Т. А. Езангина  |g науч. рук. С. А. Гайворонский 
203 |a Текст  |c электронный 
225 1 |a Информатика и управление в технических системах 
300 |a Заглавие с титульного экрана 
320 |a [Библиогр.: с. 251 (2 назв.)] 
337 |a Adobe Reader 
461 1 |0 (RuTPU)RU\TPU\book\263794  |t Современные техника и технологии  |o сборник трудов XIX международной научно-практической конференции студентов, аспирантов и молодых ученых, Томск, 15-19 апреля 2013 г.  |o в 3 т.  |f Национальный исследовательский Томский политехнический университет (ТПУ)   |d 2013 
463 1 |0 (RuTPU)RU\TPU\book\263797  |t Т. 2  |v [С. 250-251]  |d 2013 
610 1 |a труды учёных ТПУ 
610 1 |a электронный ресурс 
610 1 |a программный комплекс 
610 1 |a синтез 
610 1 |a интервальные системы 
610 1 |a автоматическое управление 
700 1 |a Езангина  |b Т. А.  |c специалист в области информатики и вычислительной техники  |c инженер Томского политехнического университета  |f 1987-  |g Татьяна Александровна  |3 (RuTPU)RU\TPU\pers\35610 
702 1 |a Гайворонский  |b С. А.  |c специалист в области информатики и вычислительной техники  |c доцент Томского политехнического университета, кандидат технических наук  |f 1961-  |g Сергей Анатольевич  |3 (RuTPU)RU\TPU\pers\25386  |4 727  |9 11329 
712 0 2 |a Национальный исследовательский Томский политехнический университет (ТПУ)  |b Институт кибернетики (ИК)  |b Кафедра автоматики и компьютерных систем (АИКС)  |3 (RuTPU)RU\TPU\col\18698 
801 2 |a RU  |b 63413507  |c 20170503  |g RCR 
856 4 |u http://www.lib.tpu.ru/fulltext/c/2013/C01/V2/123.pdf 
942 |c CF